NLSUI OPAC header image

Sports law (Record no. 27255)

MARC details
000 -LEADER
fixed length control field 01129nam a2200217Ia 4500
003 - CONTROL NUMBER IDENTIFIER
control field OSt
005 - DATE AND TIME OF LATEST TRANSACTION
control field 20210123121216.0
008 - FIXED-LENGTH DATA ELEMENTS--GENERAL INFORMATION
fixed length control field 160316s2011 xxu||||| |||| 00| 0 eng d
020 ## - INTERNATIONAL STANDARD BOOK NUMBER
International Standard Book Number 9780763736507
040 ## - CATALOGING SOURCE
Transcribing agency nls
082 ## - DEWEY DECIMAL CLASSIFICATION NUMBER
Classification number 344.099
Item number THO
100 ## - MAIN ENTRY--PERSONAL NAME
Personal name Thornton Patrick K
245 ## - TITLE STATEMENT
Title Sports law
260 ## - PUBLICATION, DISTRIBUTION, ETC.
Place of publication, distribution, etc. Boston
Name of publisher, distributor, etc. Jones & Bartlett Publishers
Date of publication, distribution, etc. 2011
300 ## - PHYSICAL DESCRIPTION
Extent 823p
Dimensions xi
365 ## - TRADE PRICE
Price amount Rs. 2,180
505 ## - FORMATTED CONTENTS NOTE
Formatted contents note Contents;<br/>Preface; <br/>Acknowledgment;<br/>Chapter 1. Sports in Society;<br/>Chapter 2. Contracts;<br/>Chapter 3. Antitrust Law;<br/>Chapter 4. Labour Relations in Sports;<br/>Chapter 5. Agents;<br/>Chapter 6. Torts and Risk Management;<br/>Chapter 7. Discrimination;<br/>Chapter 8. Intellectual Property;<br/>Chapter 9. Gender Equity and women in Sports;<br/>Chapter 10. The National collegiate Athletic Association (NCAA)<br/>Chapter 11. Amateur Athletics and Eligibility in Interscholastic Sports;<br/>Chapter 12. Drug Testing in Sports;<br/>Chapter 13. International Sports; <br/>Case Index;<br/>Index.<br/><br/>
650 ## - SUBJECT ADDED ENTRY--TOPICAL TERM
Topical term or geographic name entry element 1.Sports law - Legislation - Cases - U S A 2.Sports accidents - Liability - U S A
700 ## - ADDED ENTRY--PERSONAL NAME
Personal name
--
942 ## - ADDED ENTRY ELEMENTS (KOHA)
Source of classification or shelving scheme Dewey Decimal Classification
Koha item type BOOKs
Holdings
Withdrawn status Lost status Damaged status Not for loan Home library Current library Shelving location Date acquired Cost, normal purchase price Total Checkouts Full call number Barcode Date last seen Date last checked out Price effective from Koha item type
        NLS NLS   30/05/2017 2180.00 1 344.099 THO 24738 14/12/2024 28/11/2024 30/05/2017 BOOKs